Vowing in English and Vietnamese /

Sparad:
Bibliografiska uppgifter
Huvudupphovsman: Phạm Thị Tài
Materialtyp: Okänd
Språk:English
Publicerad: 2010.
Ämnen:
Taggar: Lägg till en tagg
Inga taggar, Lägg till första taggen!
Thư viện lưu trữ: Mạng thư viện Đại học Đà Nẵng
LEADER 01054na a2200313 4500
001 000032026
003 7988
005 20230307104121.0
008 151001s2010 000 eng
040 |a LNN 
041 |a eng 
082 |a 420.4  |b PH-T 
100 |a Phạm Thị Tài 
245 0 |a Vowing in English and Vietnamese /  |c Phạm Thị Tài. 
260 |c 2010. 
300 |a 45tr. : mh ; 30cm. 
650 |a Vowing in English and Vietnamese, 2010,Phạm Thị Tài 
852 |b P.Doc  |c Luận văn sinh viên 
OWN |a LNN 
AVA |a UDN50  |b LNN  |c English  |d 420.4 PH-T  |e available  |t Error 5001 Not defined in file expand_doc_bib_avail.  |f 1  |g 0  |h N  |i 0  |j AN  |k 1 
999 |a From the UDN01 
AVA |a UDN50  |b LNN  |c English  |d 420.4 PH-T  |e available  |t Error 5001 Not defined in file expand_doc_bib_avail.  |f 1  |g 0  |h N  |i 0  |j AN  |k 1 
TYP |a Printed language 
980 |a Mạng thư viện Đại học Đà Nẵng